| 000 | 00371nam a22001577a 4500 | ||
|---|---|---|---|
| 003 | SGT | ||
| 020 | _a978-3319772097 | ||
| 082 |
_a617.643 _bC19H |
||
| 100 | _aNicolas Hardt | ||
| 245 | _aCraniofacial Trauma: Diagnosis and Management | ||
| 250 | _a2ND | ||
| 260 |
_aNEW DELHI _bSpringer Publisher _c2019 |
||
| 300 | _a351 | ||
| 650 | _aORAL SURGERY | ||
| 942 |
_2ddc _cBK |
||
| 999 |
_c20826 _d20826 |
||